| 000 | 01401nam a2200373Ia 4500 | ||
|---|---|---|---|
| 001 | dia_5034 | ||
| 003 | CHAP | ||
| 005 | 20251023160151.0 | ||
| 008 | 220117s2010 xx 000 0 und d | ||
| 010 | _a175857 | ||
| 020 | _a978-84-200-1147-9 | ||
| 040 | _cCHAP | ||
| 082 | _a664 C54 2010 | ||
| 245 |
_aCiencia de los alimentos : bioquímica, microbiología, procesos, productos / _c coordinación Romain Jeantet...[et al.] ; traducción José Antonio Beltrán García |
||
| 260 |
_aEspaña : _b Acribia, _c2010 |
||
| 300 | _a2 v. | ||
| 500 | _aTítulo original: Science des aliments : biochimie, microbiologie, procédés, produits | ||
| 503 | _ac/e | ||
| 504 | _aIncluye bibliografías | ||
| 505 | _av. Estabilización biológica y fisicoquímica \ v. 2. Tecnología de los productos alimentarios | ||
| 590 | _aTP370 C54 2010 | ||
| 650 |
_aAlimentos _x Biotecnología _9157384 |
||
| 650 |
_aAlimentos _x Microbiología _9140137 |
||
| 650 |
_aFood _x Biotechnology _9157385 |
||
| 650 |
_aFood _x Microbiology _9150591 |
||
| 650 |
_aFood industry and trade _9153913 |
||
| 650 |
_aIndustria de los alimentos _9148659 |
||
| 700 |
_aBeltrán García, José Antonio, tr. _9157386 |
||
| 700 |
_aJeantet, Romain, coord. _9157387 |
||
| 901 | _a664 C54 2010 | ||
| 902 | _aA | ||
| 905 | _a5232272010 sp ain 8222223322spa16 | ||
| 942 |
_cLIBRO _2ddc |
||
| 999 |
_c175857 _d175857 |
||